| 000 | 00548nam a2200181 u 4500 | ||
|---|---|---|---|
| 005 | 20240925065157.0 | ||
| 008 | 070827s1948 mx r 000 0 spa d | ||
| 035 | _aUPN01000151466 | ||
| 049 | _aCG | ||
| 050 | 4 |
_aHM1013 _bR4.3 |
|
| 100 | 1 |
_aReich, Wilhelm, _d1897-1957 _929446 |
|
| 245 | 1 | 1 |
_a¡Escuha, pequeño humbrecito! / _cWilhelm Reich ; tr. Cristina Cavalcantio. |
| 260 |
_aMéxico : _bPasquin, _cc1948. |
||
| 300 | _a92 p. | ||
| 534 |
_pTítulo original: _tRede an den keinen mann |
||
| 650 | 4 |
_aPsicología social _95889 |
|
| 905 | _aLibro | ||
| 999 |
_c123602 _d123602 |
||